[Event "Warsaw Najdorf Memorial op-A 22nd"]
[Site "Warsaw"]
[Date "2025.07.15"]
[Round "8"]
[White "Flis, Piotr"]
[Black "Matuszczyk, Mateusz"]
[Result "1-0"]
[WhiteElo "2060"]
[BlackElo "2007"]
[PlyCount "171"]
[EventDate "2025.07.08"]
[EventType "swiss"]
[EventRounds "9"]
[EventCountry "POL"]
[SourceTitle "CB29_2025"]
[SourceDate "2025.07.16"]
[SourceVersion "1"]
[SourceVersionDate "2025.07.16"]
[SourceQuality "1"]

1. Nf3 Nf6 2. c4 g6 3. d4 Bg7 4. g3 c6 5. Nc3 d5 6. Qb3 0-0 7. Bg2 dxc4 8. Qxc4 Nbd7 9. 0-0 Nb6 10. Qd3 Be6 11. Rd1 Nbd5 12. e4 Nxc3 13. bxc3 Qa5 14. h3 Qa4 15. Bf4 Nd7 16. Rdb1 Bc4 17. Qe3 Ba6 18. Bh6 Qa5 19. a4 e5 20. Bxg7 Kxg7 21. Rd1 Rad8 22. d5 cxd5 23. Rxd5 Qc7 24. Qxa7 Nb6 25. Rxd8 Rxd8 26. a5 Qxc3 27. Rb1 Nc8 28. Qb8 f6 29. g4 Qxa5 30. g5 Nd6 31. gxf6+ Kxf6 32. Qa7 Qc7 33. Qe3 Nf7 34. Nh2 Kg7 35. Bf1 Bxf1 36. Nxf1 Rd4 37. Ng3 Qd7 38. Kh2 h6 39. h4 b5 40. h5 Ng5 41. hxg6 Kxg6 42. Rc1 Qh3+ 43. Kg1 Rd6 44. Qb3 Rd8 45. Rd1 Rxd1+ 46. Qxd1 Kh7 47. Qd3 b4 48. Qe3 Kh8 49. Qd3 Kh7 50. Qe3 Qd7 51. Qb6 Qd1+ 52. Kh2 b3 53. Qc7+ Kg8 54. Qc8+ Kf7 55. Qf5+ Ke7 56. Qxe5+ Kd7 57. Qb5+ Kc7 58. Qc5+ Kb7 59. Qb5+ Kc7 60. Qc5+ Kd7 61. Qb5+ Kd8 62. Qb8+ Kd7 63. Qb5+ Ke6 64. Qe8+ Kf6 65. e5+ Kg7 66. Nh5+ Qxh5+ 67. Qxh5 b2 68. Qd1 Nf3+ 69. Kg2 Nd2 70. Qg4+ Kh7 71. Qf5+ Kg7 72. Qf6+ Kh7 73. Qf7+ Kh8 74. Qf6+ Kh7 75. Qf5+ Kg7 76. Qd7+ Kg6 77. Qd3+ Kg7 78. Qd7+ Kg6 79. Qc6+ Kh5 80. Qe8+ Kg5 81. Qg8+ Kf5 82. Qf7+ Kg5 83. Qf6+ Kg4 84. f3+ Kh5 85. Qf5+ Kh4 86. Qg4# 1-0

[Event "Warsaw Najdorf Memorial op-A 22nd"]
[Site "Warsaw"]
[Date "2025.07.12"]
[Round "5"]
[White "Malisauskas, Vidmantas"]
[Black "Matuszczyk, Mateusz"]
[Result "1-0"]
[WhiteElo "2335"]
[BlackElo "2007"]
[PlyCount "103"]
[EventDate "2025.07.08"]
[EventType "swiss"]
[EventRounds "9"]
[EventCountry "POL"]
[SourceTitle "CB29_2025"]
[SourceDate "2025.07.16"]
[SourceVersion "1"]
[SourceVersionDate "2025.07.16"]
[SourceQuality "1"]

1. e4 c5 2. Nf3 Nc6 3. Bb5 e6 4. 0-0 Nge7 5. b3 a6 6. Bxc6 bxc6 7. e5 Ng6 8. Na3 Be7 9. Nc4 0-0 10. Ba3 f6 11. d4 cxd4 12. Bxe7 Qxe7 13. Qxd4 c5 14. Qd6 Bb7 15. Qxe7 Nxe7 16. Rfd1 Rad8 17. Rd3 Bxf3 18. Rxf3 fxe5 19. Rd3 e4 20. Rd6 Nf5 21. Rxa6 d5 22. Ne3 Nxe3 23. fxe3 d4 24. Rxe6 dxe3 25. Rxe4 Rd2 26. Rxe3 Rxc2 27. a4 Rff2 28. Rg3 Rfd2 29. h4 Rd4 30. h5 h6 31. Re1 Kf7 32. Rf3+ Kg8 33. Re8+ Kh7 34. a5 Rc1+ 35. Rf1 Rxf1+ 36. Kxf1 c4 37. bxc4 Rxc4 38. a6 Ra4 39. Re6 Ra1+ 40. Ke2 Ra2+ 41. Kf3 Ra3+ 42. Ke4 Ra5 43. g4 Kg8 44. Rg6 Kf8 45. Kd4 Kg8 46. Kc4 Ra1 47. Kb5 Rb1+ 48. Kc6 Rc1+ 49. Kb7 Rf1 50. a7 Rf7+ 51. Ka6 Rf8 52. Rb6 1-0

[Event "Warsaw Najdorf Memorial op-A 22nd"]
[Site "Warsaw"]
[Date "2025.07.08"]
[Round "1"]
[White "Smetek, Michal"]
[Black "Matuszczyk, Mateusz"]
[Result "1-0"]
[WhiteElo "2144"]
[BlackElo "2007"]
[PlyCount "81"]
[EventDate "2025.07.08"]
[EventType "swiss"]
[EventRounds "9"]
[EventCountry "POL"]
[SourceTitle "CB29_2025"]
[SourceDate "2025.07.16"]
[SourceVersion "1"]
[SourceVersionDate "2025.07.16"]
[SourceQuality "1"]

1. d4 Nf6 2. Nf3 g6 3. g3 d5 4. c4 c6 5. Bg2 Bg7 6. 0-0 0-0 7. cxd5 cxd5 8. Nc3 Nc6 9. Ne5 Ng4 10. Nxd5 Ncxe5 11. dxe5 e6 12. Nf6+ Nxf6 13. Qxd8 Rxd8 14. Bg5 Bd7 15. Bxf6 Bxf6 16. exf6 Bb5 17. Bxb7 Rab8 18. Bf3 Rd2 19. b3 Bxe2 20. Bxe2 Rxe2 21. Rfd1 Re5 22. Rd7 a5 23. Rad1 h5 24. Rd8+ Rxd8 25. Rxd8+ Kh7 26. Rf8 g5 27. Rxf7+ Kg6 28. Rf8 g4 29. Kg2 Re2 30. a4 Rb2 31. f7 Rxb3 32. Rh8 Kxf7 33. Rxh5 Ra3 34. Rxa5 Ra2 35. Ra8 e5 36. a5 e4 37. Kf1 e3 38. fxe3 Rxh2 39. a6 Ra2 40. a7 Kg7 41. e4 1-0

[Event "Malopolska-ch"]
[Site "Krakow"]
[Date "2024.05.31"]
[Round "3"]
[White "Kaczmarek, Arkadiusz"]
[Black "Matuszczyk, Mateusz"]
[Result "1/2-1/2"]
[WhiteElo "2094"]
[BlackElo "1951"]
[PlyCount "66"]
[EventDate "2024.05.30"]
[EventType "swiss"]
[EventRounds "7"]
[EventCountry "POL"]
[SourceTitle "EXT 2025"]
[Source "ChessBase"]
[SourceDate "2024.10.14"]
[SourceVersion "1"]
[SourceVersionDate "2024.10.14"]
[SourceQuality "1"]

1. d4 Nf6 2. c4 g6 3. Nc3 d5 4. cxd5 Nxd5 5. Bd2 Bg7 6. e4 Nb6 7. Be3 0-0 8. Nf3 Bg4 9. Rc1 Nc6 10. d5 Ne5 11. b3 c6 12. Be2 Nxf3+ 13. gxf3 Bd7 14. h4 cxd5 15. Nxd5 Nxd5 16. Qxd5 Bc6 17. Qxd8 Rfxd8 18. h5 e6 19. hxg6 hxg6 20. Bc4 a6 21. Ke2 Bb2 22. Rc2 Bf6 23. Bb6 Rd7 24. Rd1 Rxd1 25. Kxd1 Kg7 26. Ke2 g5 27. Bd3 Be5 28. Rc1 Re8 29. Rg1 f6 30. Be3 Kf7 31. Rh1 Kg7 32. Rg1 Kf7 33. Rh1 Kg7 1/2-1/2

[Event "Jastrzebie Zdroj op"]
[Site "Jastrzebie Zdroj"]
[Date "2022.11.25"]
[Round "8"]
[White "Matuszczyk, Mateusz"]
[Black "Figa, Karolina"]
[Result "1-0"]
[WhiteElo "1879"]
[BlackElo "1616"]
[PlyCount "79"]
[EventDate "2022.11.19"]
[EventType "swiss"]
[EventRounds "9"]
[EventCountry "POL"]
[SourceTitle "CBM 211 Extra"]
[Source "ChessBase"]
[SourceDate "2023.01.31"]
[SourceVersion "1"]
[SourceVersionDate "2023.01.31"]
[SourceQuality "1"]

1. e4 c6 2. d4 d5 3. e5 Bf5 4. Nd2 e6 5. h4 h5 6. Nb3 Nd7 7. Nf3 c5 8. dxc5 Bxc5 9. Nxc5 Nxc5 10. Bb5+ Nd7 11. Nd4 Bg6 12. Qe2 a6 13. Bg5 Qa5+ 14. Bd2 Qc7 15. Ba4 b5 16. Bxb5 axb5 17. Nxb5 Qb8 18. Bb4 Ra4 19. Nd6+ Kd8 20. a3 Ne7 21. 0-0 Nc6 22. b3 Ra8 23. f4 Qb6+ 24. Kh1 Nxb4 25. axb4 Ke7 26. Qd2 Ra7 27. c4 Rc7 28. f5 exf5 29. Qg5+ Ke6 30. Nxf5 Bxf5 31. Qxf5+ Ke7 32. Qxf7+ Kd8 33. Qxd5 Re8 34. Rf7 Kc8 35. Rxg7 Qxb4 36. e6 Nb6 37. Rxc7+ Kxc7 38. Ra7+ Kc8 39. Qb7+ Kd8 40. Qc7# 1-0

[Event "Ustron op-B"]
[Site "Ustron"]
[Date "2022.08.17"]
[Round "6"]
[White "Matuszczyk, Mateusz"]
[Black "Bachorczyk, Marcin"]
[Result "1-0"]
[WhiteElo "1869"]
[BlackElo "1975"]
[PlyCount "91"]
[EventDate "2022.08.12"]
[EventType "swiss"]
[EventRounds "9"]
[EventCountry "POL"]
[SourceTitle "CBM 209 Extra"]
[Source "ChessBase"]
[SourceDate "2022.09.30"]
[SourceVersion "1"]
[SourceVersionDate "2022.09.30"]
[SourceQuality "1"]

1. e4 Nc6 2. d4 e5 3. dxe5 Nxe5 4. Nf3 Qf6 5. Nc3 c6 6. Be2 Bc5 7. 0-0 d6 8. Na4 Nxf3+ 9. Bxf3 Bd4 10. Bg5 Bxf2+ 11. Rxf2 Qxg5 12. Qxd6 Ne7 13. Nc5 0-0 14. Raf1 Ng6 15. Nd3 Be6 16. Qb4 Rab8 17. Be2 b6 18. Qc3 Qe3 19. Bf3 c5 20. b3 Rfd8 21. Kh1 Rbc8 22. Qb2 c4 23. Nb4 Re8 24. Nd5 Bxd5 25. Re2 Qg5 26. exd5 Rxe2 27. Bxe2 Nh4 28. Rf2 Qxd5 29. bxc4 Qd2 30. Qe5 Ng6 31. Qf5 Qe1+ 32. Rf1 Qxe2 33. Qxc8+ Nf8 34. Qf5 Qxc4 35. a3 h6 36. h3 g6 37. Qf4 Qe6 38. Qxh6 Nd7 39. Rd1 a5 40. Qf4 Qe5 41. Qxe5 Nxe5 42. a4 Kf8 43. Rd6 Nc4 44. Rc6 Nb2 45. Rxb6 Nxa4 46. Ra6 1-0

[Event "Ustron op-B"]
[Site "Ustron"]
[Date "2022.08.14"]
[Round "3"]
[White "Cichon, Bartlomiej"]
[Black "Matuszczyk, Mateusz"]
[Result "1/2-1/2"]
[WhiteElo "1946"]
[BlackElo "1869"]
[PlyCount "128"]
[EventDate "2022.08.12"]
[EventType "swiss"]
[EventRounds "9"]
[EventCountry "POL"]
[SourceTitle "CBM 209 Extra"]
[Source "ChessBase"]
[SourceDate "2022.09.30"]
[SourceVersion "1"]
[SourceVersionDate "2022.09.30"]
[SourceQuality "1"]

1. e4 c5 2. Nf3 Nc6 3. d4 cxd4 4. Nxd4 Nf6 5. Nc3 e5 6. Ndb5 d6 7. Bg5 a6 8. Na3 b5 9. Nd5 Be7 10. Bxf6 Bxf6 11. c4 b4 12. Nc2 Rb8 13. b3 0-0 14. g3 Be6 15. Bg2 Bxd5 16. Qxd5 Nd4 17. Nxd4 exd4 18. 0-0 Re8 19. Qh5 Re5 20. Qd1 Ra5 21. Qd3 Qb6 22. f4 Ra3 23. Kh1 a5 24. e5 dxe5 25. fxe5 Bxe5 26. Be4 g6 27. Bd5 Rf8 28. Qe4 Bf6 29. Qf3 Bg7 30. Bxf7+ Kh8 31. Qd3 a4 32. Bd5 axb3 33. Rxf8+ Bxf8 34. Qf1 Qd8 35. axb3 Rxa1 36. Qxa1 Qf6 37. Kg2 Bc5 38. Qb2 h5 39. Qe2 Kg7 40. Qd3 g5 41. Bf3 g4 42. Bd5 h4 43. gxh4 Qxh4 44. Qg3 Qxg3+ 45. Kxg3 Kf6 46. Kxg4 Ke5 47. h4 d3 48. h5 Be3 49. Kf3 Kd4 50. Be4 d2 51. Bc2 Bh6 52. Bd1 Ke5 53. Bc2 Kd4 54. Kg4 Ke5 55. Bd1 Be3 56. Bc2 Bh6 57. Kf3 Kd4 58. Ke2 Bg5 59. Kd1 Bh6 60. Bg6 Be3 61. Kc2 Bh6 62. Bf5 Bg5 63. Bg4 Bh6 64. Bf5 Ke5 1/2-1/2

[Event "Krakow op-B"]
[Site "Krakow"]
[Date "2022.07.02"]
[Round "9"]
[White "Stemmler, Fabian"]
[Black "Matuszczyk, Mateusz"]
[Result "0-1"]
[WhiteElo "2054"]
[BlackElo "1856"]
[PlyCount "110"]
[EventDate "2022.06.25"]
[EventType "swiss"]
[EventRounds "9"]
[EventCountry "POL"]
[SourceTitle "EXT 2023"]
[Source "ChessBase"]
[SourceDate "2022.10.05"]
[SourceVersion "1"]
[SourceVersionDate "2022.10.05"]
[SourceQuality "1"]

1. d4 Nf6 2. Bg5 e6 3. e4 d5 4. e5 h6 5. Be3 Nfd7 6. c3 c5 7. f4 Qb6 8. Qd2 Nc6 9. Nf3 Be7 10. Be2 Qa5 11. dxc5 Bxc5 12. b4 Bxe3 13. Qxe3 Qb6 14. Qxb6 Nxb6 15. a4 a5 16. b5 Ne7 17. Nbd2 0-0 18. 0-0 Nd7 19. Nb3 b6 20. Nfd4 Bb7 21. Rac1 Rac8 22. c4 g5 23. g3 Kh8 24. f5 dxc4 25. fxe6 Nxe5 26. Nd2 Bd5 27. exf7 Rxf7 28. Rxf7 Bxf7 29. Ne4 Bd5 30. Nc3 Bb7 31. Rf1 Nd5 32. Nxd5 Bxd5 33. Rf5 Re8 34. Bh5 Re7 35. Rf8+ Kh7 36. Bd1 Nd3 37. Rf1 Nb4 38. Kf2 Rf7+ 39. Kg1 Rxf1+ 40. Kxf1 c3 41. Bb3 Bxb3 42. Nxb3 Kg6 43. Ke2 Kf5 44. Nd4+ Ke4 45. Nc6 Kd5 46. Ne7+ Kc4 47. Nf5 Kb3 48. h4 c2 49. Nd4+ Kb2 50. Nxc2 Kxc2 51. Kf3 Kb3 52. hxg5 hxg5 53. Kg4 Kxa4 54. Kxg5 Kxb5 55. g4 a4 0-1

[Event "Krakow op-B"]
[Site "Krakow"]
[Date "2022.06.28"]
[Round "5"]
[White "Marciniak, Leonard"]
[Black "Matuszczyk, Mateusz"]
[Result "0-1"]
[WhiteElo "1775"]
[BlackElo "1856"]
[PlyCount "114"]
[EventDate "2022.06.25"]
[EventType "swiss"]
[EventRounds "9"]
[EventCountry "POL"]
[SourceTitle "EXT 2023"]
[Source "ChessBase"]
[SourceDate "2022.10.05"]
[SourceVersion "1"]
[SourceVersionDate "2022.10.05"]
[SourceQuality "1"]

1. d4 Nf6 2. c4 g6 3. Nc3 Bg7 4. g3 0-0 5. Bg2 Nc6 6. Nf3 d5 7. Ne5 Nxe5 8. dxe5 Ng4 9. cxd5 Nxe5 10. 0-0 Nc4 11. Qb3 Nd6 12. e4 e5 13. Be3 a6 14. Rae1 Bd7 15. f4 f6 16. Bc5 b6 17. Be3 Kh8 18. a4 Rb8 19. Rc1 Qe7 20. fxe5 fxe5 21. Na2 Rxf1+ 22. Bxf1 Nxe4 23. Bxa6 Qd6 24. Bb5 Bxb5 25. Qxb5 Bf8 26. Rc6 Qd8 27. Qc4 Nc5 28. Nc3 Ra8 29. b3 Bd6 30. Bxc5 Bxc5+ 31. Kg2 Qd7 32. Ne4 Rf8 33. Qd3 Bd4 34. Rc1 Qxd5 35. Rf1 Rf5 36. g4 Rxf1 37. Kxf1 Qf7+ 38. Ke2 Qf4 39. h3 Kg7 40. Nd2 Qf2+ 41. Kd1 Qe3 42. Kc2 Qxd3+ 43. Kxd3 Kf6 44. Ne4+ Ke6 45. Kc4 h6 46. b4 c6 47. b5 cxb5+ 48. axb5 Be3 49. Kd3 Bc1 50. Nc3 Bb2 51. Ne4 Kd5 52. Nf6+ Kc5 53. Ng8 Bc1 54. Ne7 g5 55. Ng8 Kxb5 56. Nxh6 Kc5 57. Nf7 Kd5 0-1

[Event "Rubinstein Memorial-C 55th"]
[Site "Polanica Zdroj"]
[Date "2019.08.21"]
[Round "5"]
[White "Matuszczyk, Mateusz"]
[Black "Mulawa, Cyprian"]
[Result "1-0"]
[WhiteElo "1808"]
[BlackElo "1578"]
[PlyCount "63"]
[EventDate "2019.08.17"]
[EventType "swiss"]
[EventRounds "9"]
[EventCountry "POL"]
[SourceTitle "EXT 2020"]
[Source "ChessBase"]
[SourceDate "2019.10.17"]
[SourceVersion "1"]
[SourceVersionDate "2019.10.17"]
[SourceQuality "1"]

1. e4 c5 2. Nf3 Nc6 3. d4 cxd4 4. Nxd4 Nf6 5. Nc3 e5 6. Ndb5 d6 7. Bg5 a6 8. Na3 b5 9. Bxf6 gxf6 10. Nd5 f5 11. exf5 Bxf5 12. c3 Bg7 13. Nc2 0-0 14. Nce3 Be6 15. Bd3 f5 16. 0-0 Ne7 17. Bc2 Nxd5 18. Nxd5 Rc8 19. a4 Rc4 20. axb5 axb5 21. Bb3 Rh4 22. Ra7 Rh6 23. Nc7 Bf7 24. Bxf7+ Kxf7 25. Qd5+ Kg6 26. Ne6 Qh4 27. Nxf8+ Bxf8 28. Qg8+ Kh5 29. Qxf8 Kg4 30. f3+ Kh5 31. Qxf5+ Qg5 32. Qxg5+ 1-0

[Event "Suwalki Warakomska Memorial-B 1st"]
[Site "Suwalki"]
[Date "2017.08.16"]
[Round "7"]
[White "Tylenda, Krzysztof"]
[Black "Matuszczyk, Mateusz"]
[Result "0-1"]
[WhiteElo "1750"]
[BlackElo "1666"]
[PlyCount "64"]
[EventDate "2017.08.11"]
[EventType "swiss"]
[EventRounds "9"]
[EventCountry "POL"]
[SourceTitle "CBM 180 Extra"]
[Source "ChessBase"]
[SourceDate "2017.10.06"]
[SourceVersion "1"]
[SourceVersionDate "2017.10.06"]
[SourceQuality "1"]

1. e4 Nc6 2. d4 d5 3. exd5 Qxd5 4. Be3 e5 5. Nc3 Bb4 6. a3 Bxc3+ 7. bxc3 Bf5 8. Qd2 Nf6 9. f3 Na5 10. Rb1 c6 11. c4 Nxc4 12. Bxc4 Qxc4 13. dxe5 Nd5 14. Rxb7 Bxc2 15. Bxa7 0-0 16. Qd4 Qa6 17. Rb2 Bd3 18. Bc5 Rfe8 19. Kf2 Rad8 20. Nh3 Nc7 21. Qh4 Rd5 22. Bd6 Qa7+ 23. Kg3 Nb5 24. Rd1 Nd4 25. Qg5 Nf5+ 26. Kg4 Ne3+ 27. Kg3 Nxd1 28. Rd2 Ne3 29. Nf4 Nf1+ 30. Kh4 h6 31. Qg4 Nxd2 32. Nh5 Bg6 0-1

[Event "Suwalki Warakomska Memorial-B 1st"]
[Site "Suwalki"]
[Date "2017.08.15"]
[Round "6"]
[White "Matuszczyk, Mateusz"]
[Black "Kalejta, Arkadiusz"]
[Result "1-0"]
[WhiteElo "1666"]
[BlackElo "1677"]
[PlyCount "69"]
[EventDate "2017.08.11"]
[EventType "swiss"]
[EventRounds "9"]
[EventCountry "POL"]
[SourceTitle "CBM 180 Extra"]
[Source "ChessBase"]
[SourceDate "2017.10.06"]
[SourceVersion "1"]
[SourceVersionDate "2017.10.06"]
[SourceQuality "1"]

1. e4 c5 2. Nf3 Nc6 3. d4 cxd4 4. Nxd4 Nf6 5. Nc3 e5 6. Ndb5 d6 7. Bg5 a6 8. Na3 b5 9. Bxf6 gxf6 10. Nd5 f5 11. c3 Be6 12. exf5 Bxf5 13. Qf3 Be6 14. Nf6+ Ke7 15. Rd1 Qc8 16. Bxb5 axb5 17. Nxb5 Bg7 18. Nd5+ Bxd5 19. Qxd5 Rd8 20. Nxd6 Rxd6 21. Qxd6+ Ke8 22. 0-0 Qe6 23. Qc5 Bf8 24. Qb5 Rb8 25. Qe2 Qxa2 26. Rd2 Bh6 27. Rd6 Rxb2 28. Qe4 Ne7 29. Rxh6 Qa5 30. Rxh7 Qxc3 31. Qa8+ Kd7 32. Rxf7 Qd4 33. Qa3 Rb4 34. Rxe7+ Kxe7 35. Rb1 1-0

[Event "Suwalki Warakomska Memorial-B 1st"]
[Site "Suwalki"]
[Date "2017.08.14"]
[Round "5"]
[White "Falkowski, Dawid"]
[Black "Matuszczyk, Mateusz"]
[Result "1-0"]
[WhiteElo "2013"]
[BlackElo "1666"]
[PlyCount "123"]
[EventDate "2017.08.11"]
[EventType "swiss"]
[EventRounds "9"]
[EventCountry "POL"]
[SourceTitle "CBM 180 Extra"]
[Source "ChessBase"]
[SourceDate "2017.10.06"]
[SourceVersion "1"]
[SourceVersionDate "2017.10.06"]
[SourceQuality "1"]

1. e4 c5 2. Nc3 d6 3. f4 a6 4. Bc4 e6 5. a4 Nf6 6. d3 Nc6 7. Nf3 Be7 8. 0-0 0-0 9. e5 Nd7 10. exd6 Bxd6 11. Ne4 Nb6 12. Bb3 Na5 13. Ba2 Nd5 14. Nfg5 h6 15. Nxd6 Qxd6 16. Ne4 Qb6 17. Kh1 f5 18. Nc3 Qd6 19. Qf3 Nb4 20. Bb1 Nac6 21. Be3 b6 22. Qf2 Nd4 23. a5 Bb7 24. axb6 Rf6 25. Na4 Rg6 26. Rg1 Qc6 27. Nxc5 Nf3 28. Nxb7 Nxg1 29. Na5 Nh3 30. Qe2 Qd6 31. Qf3 Nd5 32. Qxh3 Nxb6 33. Ba2 Kh7 34. Qf3 Nd5 35. Bd2 Rb8 36. Bb3 Nb6 37. Nc6 Ra8 38. Bb4 Qc7 39. Ne5 Rf6 40. Ba5 Rb8 41. Nc4 Rg6 42. Qf2 e5 43. fxe5 f4 44. Nxb6 Rbxb6 45. Bxb6 Rxb6 46. Qxf4 h5 47. Rf1 Rg6 48. Qf5 Kh6 49. d4 a5 50. Qf8 a4 51. h4 Rg4 52. Qh8+ Kg6 53. Bf7+ Qxf7 54. Rxf7 Rxh4+ 55. Kg1 Kxf7 56. d5 a3 57. e6+ Kg6 58. e7 axb2 59. e8Q+ Kf5 60. Qhf8+ Kg5 61. Qxg7+ Kf4 62. Qee5# 1-0

[Event "Suwalki Warakomska Memorial-B 1st"]
[Site "Suwalki"]
[Date "2017.08.13"]
[Round "3"]
[White "Norek, Bartosz"]
[Black "Matuszczyk, Mateusz"]
[Result "0-1"]
[WhiteElo "1799"]
[BlackElo "1666"]
[PlyCount "68"]
[EventDate "2017.08.11"]
[EventType "swiss"]
[EventRounds "9"]
[EventCountry "POL"]
[SourceTitle "CBM 180 Extra"]
[Source "ChessBase"]
[SourceDate "2017.10.06"]
[SourceVersion "1"]
[SourceVersionDate "2017.10.06"]
[SourceQuality "1"]

1. e4 c5 2. Nf3 Nf6 3. Nc3 Nc6 4. d4 cxd4 5. Nxd4 e5 6. Ndb5 d6 7. Bg5 a6 8. Na3 b5 9. Nd5 Be7 10. Bxf6 Bxf6 11. c4 b4 12. Nc2 a5 13. Qf3 Bg5 14. h4 Bxh4 15. Qh5 Bf6 16. Be2 Be6 17. 0-0-0 g6 18. Qh2 Bg7 19. g3 h6 20. f4 0-0 21. Bd3 Bg4 22. Rdf1 b3 23. axb3 Rb8 24. b4 axb4 25. f5 h5 26. Nce3 Bh6 27. f6 Qa5 28. b3 Bxe3+ 29. Nxe3 Qa1+ 30. Bb1 Qc3+ 31. Nc2 Nd4 32. Ba2 Ra8 33. Kb1 Rxa2 34. Kxa2 Qxb3+ 0-1